00758nam a22002057a 450000500170000001000150001702000260003203500140005803700090007208200140008124501230009525000060021826000470022427001230027130000280039470000330042270000360045570000290049170000320052020241108142707.0 aENG-142601 a9788181770846c275.00 aEN-126133 bDBAD a954.3521 aBibliography and Abstracts of Papers in Flora of Uttar Pradesh and Uttarakhand/cCompiled by Sourmen Gantait...[et.al] a1 aHowrah, KolkatabBotanical Survey of India aMinistry of Environment ,Forest & Climate Change, Govt. of India,3rd MSO Building, CGO ComplexbHowrah,Kolkatae711103 a268p. c24cm.(pb)bill. aGantait, Sourmen eCompiled  aBandyopadhyay, SubireCompiled  aArisdason, W.eCompiled  aV. Sampath KumareCompiled